000
00306nam a2200133Ia 4500
005
20260328101454.0
008
260328s9999||||xx |||||||||||||| ||und||
100
_a
Allen, Stan
245
0
_a
Mathias Klotz /
_c
Stan Allen
260
_b
Gustavo Gili
300
_a
143 p.
650
_a
ARQUITECTOS
942
_c
BK
999
_c
8784
_d
8784